Las 7 palabras
Na minha lista:
| Autor principal: | |
|---|---|
| Formato: | Livro |
| Idioma: | espanhol |
| Publicado em: |
Madrid
PPC
1996
|
| Edição: | 1a. ed |
| Assuntos: | |
| Tags: |
Adicionar Tag
Sem tags, seja o primeiro a adicionar uma tag!
|
MARC
| LEADER | 00000cam a2200000 a 4500 | ||
|---|---|---|---|
| 001 | UCE7274 | ||
| 003 | CL-VaPUC | ||
| 008 | 150605e19960000sp |||||||||||||||||spa|d | ||
| 020 | |a 8428813132 | ||
| 082 | 0 | 4 | |a 261.8 |b CAS |2 21 |
| 100 | |a Castillo, José María |e autor |9 314913 | ||
| 245 | 1 | 4 | |a Las 7 palabras |
| 250 | |a 1a. ed | ||
| 300 | |a 132 p | ||
| 942 | |c BK | ||
| 945 | |d 20150605 14:50:00 |a dcastane | ||
| 260 | |a Madrid |b PPC |c 1996 | ||
| 650 | 0 | |a Teología de la liberación |9 255471 | |
| 650 | 0 | |a Teología social |9 326726 | |
| 650 | 0 | |a Pobreza |9 258652 | |
| 650 | 0 | |a Iglesia |9 255004 | |
| 650 | 0 | |a Libertad |9 255686 | |
| 650 | 0 | |a Justicia |9 255408 | |
| 650 | 0 | |a Oración |9 313348 | |
| 650 | 0 | |a Utopía |9 267298 | |
| 583 | |a last modification |c 20150605 14:50:00 |k Rodrigo Vera | ||
| 999 | |c 359375 |d 359373 | ||
| 952 | |0 0 |1 0 |3 erb |4 0 |6 261_800000000000000_CAS_1996 |7 0 |8 A |9 468537 |a BIBTEO |b BIBTEO |e Casale Rolle, Carlos Ignacio, -2014 |i 5182395 |o 261.8 CAS 1996 |p 5182395 |r 2025-01-17 |w 2019-11-23 |y BK |z Catalogado en:20150605 |k ICR | ||